000 00292nam a22001337a 4500
008 170922b xxu||||| |||| 00| 0 eng d
020 _a9780761991151
041 _aeng
080 _a902
100 _a45
101 _aARK
245 _aGENDER IN ARCHAEOLOGY
_cNELSON, S.M
942 _2udc
_cBK
999 _c28891
_d28891